|
|
|
|
| LEADER |
02025nam a2200421 i 4500 |
| 001 |
EBC5091315 |
| 003 |
MiAaPQ |
| 005 |
20200520144314.0 |
| 006 |
m o d | |
| 007 |
cr cnu|||||||| |
| 008 |
171110t20172017gw a o 000 0 ger d |
| 020 |
|
|
|z 9783737603706
|
| 020 |
|
|
|a 9783737603713 (e-book)
|
| 035 |
|
|
|a (MiAaPQ)EBC5091315
|
| 035 |
|
|
|a (Au-PeEL)EBL5091315
|
| 035 |
|
|
|a (CaPaEBR)ebr11450917
|
| 035 |
|
|
|a (OCoLC)1006398720
|
| 040 |
|
|
|a MiAaPQ
|b eng
|e rda
|e pn
|c MiAaPQ
|d MiAaPQ
|
| 050 |
|
4 |
|a HE193
|b .N348 2017
|
| 082 |
0 |
|
|a 380.5
|2 23
|
| 245 |
0 |
0 |
|a Nahverkehrs-Tage 2017 :
|b Digital und Disruptiv - Neue Daten und Methoden fur einen kundengerechten OPNV /
|c herausgegeben vom Institut fur Verkehrswesen der Universitat Kassel ; In Kooperation mit Regionalmanagement Nordhessen GmbH.
|
| 264 |
|
1 |
|a Kassel, [Germany] :
|b kassel university press,
|c 2017.
|
| 264 |
|
4 |
|c 2017
|
| 300 |
|
|
|a 1 online resource (195 pages) :
|b illustrations (some color).
|
| 336 |
|
|
|a text
|2 rdacontent
|
| 337 |
|
|
|a computer
|2 rdamedia
|
| 338 |
|
|
|a online resource
|2 rdacarrier
|
| 490 |
0 |
|
|a Schriftenreihe Verkehr ;
|v Heft 28
|
| 588 |
|
|
|a Description based on online resource; title from PDF title page (ebrary, viewed November 9, 2017).
|
| 590 |
|
|
|a Electronic reproduction. Ann Arbor, MI : ProQuest, 2016. Available via World Wide Web. Access may be limited to ProQuest affiliated libraries.
|
| 650 |
|
0 |
|a Transportation
|x Planning.
|
| 650 |
|
0 |
|a Mobile computing.
|
| 655 |
|
4 |
|a Electronic books.
|
| 710 |
2 |
|
|a Institut fur Verkehrswesen der Universitat Kassel,
|e editor.
|
| 710 |
2 |
|
|a Regionalmanagement Nordhessen GmbH,
|e contributor.
|
| 776 |
0 |
8 |
|i Print version:
|t Nahverkehrs-Tage 2017 : Digital und Disruptiv - Neue Daten und Methoden fur einen kundengerechten OPNV.
|d Kassel, [Germany] : kassel university press, c2017
|h 191 pages
|k Schriftenreihe Verkehr ; Heft 28
|z 9783737603706
|
| 797 |
2 |
|
|a ProQuest (Firm)
|
| 856 |
4 |
0 |
|u https://ebookcentral.proquest.com/lib/matrademy/detail.action?docID=5091315
|z Click to View
|